1000 công thức hóa học ứng dụng

Tập hợp các công thức hóa học và phương pháp thực hành phù hợp kịp thời có giá trị thương mại để làm nhiều sản phẩm trong nhiều ngành công nghiệp

में बचाया:
ग्रंथसूची विवरण
मुख्य लेखक: H Bennett
स्वरूप: पुस्तक
भाषा:Undetermined
प्रकाशित: Hà Nội KHKT 1990
विषय:
टैग : टैग जोड़ें
कोई टैग नहीं, इस रिकॉर्ड को टैग करने वाले पहले व्यक्ति बनें!
Thư viện lưu trữ: Trung tâm Học liệu Trường Đại học Cần Thơ
LEADER 00752nam a2200193Ia 4500
001 CTU_11418
008 210402s9999 xx 000 0 und d
082 |a 660.202 
082 |b B471 
100 |a H Bennett 
245 0 |a 1000 công thức hóa học ứng dụng 
245 0 |c H Bennett, Đỗ Văn Thức 
260 |a Hà Nội 
260 |b KHKT 
260 |c 1990 
520 |a Tập hợp các công thức hóa học và phương pháp thực hành phù hợp kịp thời có giá trị thương mại để làm nhiều sản phẩm trong nhiều ngành công nghiệp 
650 |a chemical industry 
904 |i Minh, 961022 
980 |a Trung tâm Học liệu Trường Đại học Cần Thơ